Impossible College Basketball Quiz - Statistics

General Stats
  • This quiz has been taken 19 times
  • The average score is 11 of 33
Answer Stats
Question Answer % Correct
As of 1/23, name the four non P6 teams in the top 25 of Kenpom. Gonzaga
77%
14. Who has played the hardest schedule this year? Kansas
77%
17. Which program has the best worst finish in Kenpom history (since 1997). Kansas
77%
Houston
69%
Houston
69%
UConn
69%
1. According to Kenpom, what was the biggest upset this year? (Team 1 > Team 2) Eastern Illinois > Iowa
54%
Saint Mary's
54%
10. Which two P6 teams play the fastest in the nation? Arizona
46%
4. Four teams have been #1 in Kenpom this year. Name them. Kentucky
46%
2. Who is the best team in the history of Kenpom? (YY-YY Team) 14-15 Kentucky
38%
Size of deficit? 21
38%
Tennessee
38%
Texas
38%
11. Which two B1G players have the highest ORtg this year? Zach Edey
38%
18. Name the four most recent programs to finish a season number on in Kenpom. (YYYY Team) 2022 Gonzaga
31%
Of the current Kenpom top 10, who is the biggest riser? Marquette
31%
12. Who has the highest rated offense and highest rated defense Marquette
31%
2019 Virginia
23%
19. Name the two coaches currently coaching in the P6 to lead three different schools to their best finish in the Kenpom era (since 1997). Bill Self
23%
Boise State
23%
15. Which P6 team is rated lowest in Kenpom? California
23%
Trayce Jackson-Davis
23%
Xavier
23%
2020 Kansas
15%
9. Who is second in Kenpom POY standings? Jalen Wilson
15%
16. Name the one D1 team without a D1 win. LIU
15%
20. Name the highest rated team to win a national championship. (YYYY Team) 2008 Kansas
8%
2018 Villanova
8%
13. Which P6 team gets the highest percentage of their offense from 3s? Penn State
8%
Rick Barnes
8%
8. Zach Edey is one of two P6 players with at least 10 Kenpom Game MVPs. Name the other. Azoulas Tubelis
0%
3. What is the biggest comeback in a game involving a P6 team this year? (Team 1 > Team 2) Iowa > Indiana
0%
No matching quizzes found
Score Distribution
Percent of People with Each Score
Percentile by Number Answered
Your Score History
You have not taken this quiz